[Event "Toronto NAYCC U16 Girls"]
[Site "Toronto"]
[Date "2013.08.18"]
[Round "8"]
[White "Lu, Mandy"]
[Black "Sametova, Zhanna"]
[Result "1/2-1/2"]
[WhiteElo "1923"]
[BlackElo "1821"]
[PlyCount "52"]
[EventDate "2013.08.14"]
[EventType "swiss"]
[EventRounds "9"]
[EventCountry "CAN"]
[SourceTitle "EXT 2022"]
[Source "ChessBase"]
[SourceDate "2021.10.06"]
[SourceVersion "1"]
[SourceVersionDate "2021.10.06"]
[SourceQuality "1"]

1. d4 Nf6 2. c4 c5 3. d5 e6 4. Nc3 exd5 5. cxd5 d6 6. e4 g6 7. Bd3 Bg7 8. Nge2 0-0 9. 0-0 Re8 10. Ng3 Na6 11. a3 Bd7 12. h3 Nc7 13. f4 b5 14. Qf3 b4 15. axb4 cxb4 16. Nce2 Bb5 17. Bxb5 Nxb5 18. f5 a5 19. Bg5 h6 20. Bxh6 Bxh6 21. fxg6 fxg6 22. Qxf6 Qxf6 23. Rxf6 Kg7 24. Rf3 Bg5 25. Nc1 Bxc1 26. Rxc1 Rec8 1/2-1/2

[Event "Toronto NAYCC U16 Girls"]
[Site "Toronto"]
[Date "2013.08.15"]
[Round "3"]
[White "Lu, Mandy"]
[Black "Virkud, Apurva"]
[Result "1/2-1/2"]
[WhiteElo "1923"]
[BlackElo "2078"]
[PlyCount "55"]
[EventDate "2013.08.14"]
[EventType "swiss"]
[EventRounds "9"]
[EventCountry "CAN"]
[SourceTitle "EXT 2022"]
[Source "ChessBase"]
[SourceDate "2021.10.06"]
[SourceVersion "1"]
[SourceVersionDate "2021.10.06"]
[SourceQuality "1"]

1. d4 d5 2. c4 e6 3. Nf3 Nf6 4. g3 dxc4 5. Bg2 a6 6. 0-0 Nc6 7. e3 Rb8 8. Nfd2 Nd5 9. Nxc4 b5 10. Ncd2 Bb7 11. b3 Be7 12. Bb2 0-0 13. Nc3 Nxc3 14. Bxc3 Qd7 15. Qg4 f5 16. Qe2 Bf6 17. Rac1 Rfd8 18. Rfd1 Qe8 19. Rc2 Rdc8 20. Rdc1 Qd7 21. d5 Ne5 22. f4 Ng4 23. Bxf6 Nxf6 24. dxe6 Qxe6 25. Bxb7 Rxb7 26. Rc6 Qe7 27. Rxa6 Re8 28. Nf1 1/2-1/2